[Event "WCO2014"]
[Site "Tromso"]
[Date "2014.08.12"]
[Round "10.9"]
[WhiteID "4500024"]
[White "Ladva Ottomar"]
[BlackID "6400361"]
[Black "Munoz Santana Jose Lisandro"]
[Result "0-1"]
[LiveChessVersion "1.4.3"]
[BlackElo "2438"]
[WhiteElo "2387"]

1. d4 {[%clk 1:30:56]} Nf6 {[%clk 1:30:52]} 2. c4 {[%clk 1:31:20]} e6
{[%clk 1:31:10]} 3. Nc3 {[%clk 1:31:46]} Bb4 {[%clk 1:31:27]} 4. e3
{[%clk 1:32:08]} O-O {[%clk 1:31:49]} 5. Nge2 {[%clk 1:32:20]} d5
{[%clk 1:30:48]} 6. a3 {[%clk 1:32:44]} Be7 {[%clk 1:29:17]} 7. cxd5
{[%clk 1:32:51]} Nxd5 {[%clk 1:29:40]} 8. Bd2 {[%clk 1:29:13]} Nxc3
{[%clk 1:26:30]} 9. Bxc3 {[%clk 1:24:48]} b6 {[%clk 1:26:35]} 10. Nf4
{[%clk 1:23:27]} Bb7 {[%clk 1:14:45]} 11. Be2 {[%clk 1:23:36]} Nd7
{[%clk 1:14:21]} 12. Bf3 {[%clk 1:21:27]} Qb8 {[%clk 0:45:28]} 13. O-O
{[%clk 1:21:00]} Nf6 {[%clk 0:45:40]} 14. Qe2 {[%clk 1:15:36]} Bd6
{[%clk 0:42:10]} 15. Nd3 {[%clk 1:08:13]} Ne4 {[%clk 0:39:29]} 16. Rac1
{[%clk 1:03:24]} a5 {[%clk 0:24:19]} 17. Rfd1 {[%clk 1:00:00]} Bd5
{[%clk 0:24:29]} 18. Bxe4 {[%clk 0:58:15]} Bxe4 {[%clk 0:23:07]} 19. Qg4
{[%clk 0:57:37]} f5 {[%clk 0:20:58]} 20. Qe2 {[%clk 0:55:45]} Qe8
{[%clk 0:18:44]} 21. f3 {[%clk 0:55:14]} Qh5 {[%clk 0:18:07]} 22. Ne5
{[%clk 0:52:44]} Bd5 {[%clk 0:16:11]} 23. Be1 {[%clk 0:51:13]} Bxe5
{[%clk 0:08:33]} 24. dxe5 {[%clk 0:51:40]} Rf7 {[%clk 0:08:45]} 25. Qb5
{[%clk 0:48:57]} Qg5 {[%clk 0:06:04]} 26. Qe2 {[%clk 0:40:45]} c5
{[%clk 0:04:05]} 27. Bg3 {[%clk 0:41:07]} Rd8 {[%clk 0:03:31]} 28. Rd2
{[%clk 0:35:45]} Rc8 {[%clk 0:01:43]} 29. Bf4 {[%clk 0:35:21]} Qe7
{[%clk 0:02:03]} 30. Qa6 {[%clk 0:35:07]} Qb7 {[%clk 0:01:49]} 31. Qxb7
{[%clk 0:35:03]} Rxb7 {[%clk 0:02:17]} 32. Re1 {[%clk 0:33:13]} b5
{[%clk 0:01:34]} 33. e4 {[%clk 0:29:50]} fxe4 {[%clk 0:02:02]} 34. fxe4
{[%clk 0:30:17]} Bb3 {[%clk 0:02:21]} 35. Re3 {[%clk 0:30:33]} c4
{[%clk 0:02:11]} 36. Rd6 {[%clk 0:28:26]} b4 {[%clk 0:02:40]} 37. axb4
{[%clk 0:28:52]} axb4 {[%clk 0:03:06]} 38. Rxe6 {[%clk 0:26:13]} c3
{[%clk 0:03:00]} 39. Rd6 {[%clk 0:25:38]} Bc2 {[%clk 0:03:03]} 40. b3
{[%clk 0:24:53]} Bxb3 {[%clk 0:03:02]} 41. e6 {[%clk 0:24:29]} Bxe6
{[%clk 0:02:49]} 0-1

[Event "WCO2014"]
[Site "Tromso"]
[Date "2014.08.12"]
[Round "10.8"]
[WhiteID "7700768"]
[White "Johnson Joshua"]
[BlackID "4901266"]
[Black "Munkhgal Gombosuren"]
[Result "0-1"]
[LiveChessVersion "1.4.3"]
[BlackElo "2418"]
[WhiteElo "2069"]

1. e4 {[%clk 1:30:55]} e6 {[%clk 1:30:56]} 2. d4 {[%clk 1:31:19]} d5
{[%clk 1:31:23]} 3. Nc3 {[%clk 1:31:35]} Nf6 {[%clk 1:31:38]} 4. Bg5
{[%clk 1:31:54]} Bb4 {[%clk 1:31:44]} 5. e5 {[%clk 1:32:09]} h6 {[%clk 1:32:07]}
6. Bc1 {[%clk 1:31:31]} Ne4 {[%clk 1:32:00]} 7. Qg4 {[%clk 1:31:42]} g6
{[%clk 1:28:19]} 8. Nge2 {[%clk 1:31:57]} c5 {[%clk 1:27:45]} 9. a3
{[%clk 1:31:31]} Ba5 {[%clk 1:26:04]} 10. dxc5 {[%clk 1:29:52]} Nc6
{[%clk 1:24:06]} 11. b4 {[%clk 1:25:23]} Nxe5 {[%clk 1:20:56]} 12. Qh3
{[%clk 1:25:26]} Bc7 {[%clk 1:18:38]} 13. Nxe4 {[%clk 1:24:19]} dxe4
{[%clk 1:19:02]} 14. Bb2 {[%clk 1:16:09]} Bd7 {[%clk 1:16:24]} 15. Nc3
{[%clk 1:07:56]} f5 {[%clk 0:57:33]} 16. Rd1 {[%clk 0:42:47]} a6 {[%clk 0:47:55]}
17. c6 {[%clk 0:16:21]} bxc6 {[%clk 0:47:51]} 18. Na4 {[%clk 0:16:50]} Qg5
{[%clk 0:40:34]} 19. Nc5 {[%clk 0:15:19]} Bc8 {[%clk 0:40:53]} 20. Bc4
{[%clk 0:13:27]} Ke7 {[%clk 0:40:06]} 21. a4 {[%clk 0:09:11]} Rf8
{[%clk 0:30:12]} 22. Ba2 {[%clk 0:07:49]} Rb8 {[%clk 0:17:24]} 23. Ba3
{[%clk 0:02:02]} Kf7 {[%clk 0:14:14]} 24. Rd4 {[%clk 0:00:54]} Re8
{[%clk 0:13:49]} 25. Qg3 {[%clk 0:00:36]} Nf3+ {[%clk 0:11:51]} 26. gxf3
{[%clk 0:00:34]} Bxg3 {[%clk 0:12:15]} 27. hxg3 {[%clk 0:00:57]} Rd8
{[%clk 0:11:08]} 28. Rxd8 Qxd8 {[%clk 0:11:37]} 29. Rxh6 {[%clk 0:00:34]} Qd4
{[%clk 0:10:50]} 30. Nb3 {[%clk 0:00:56]} Qc3+ {[%clk 0:11:02]} 31. Kd1
{[%clk 0:01:25]} Kg7 {[%clk 0:10:56]} 32. Rh4 {[%clk 0:01:22]} g5
{[%clk 0:10:56]} 33. Rh2 {[%clk 0:01:21]} exf3 {[%clk 0:10:48]} 34. Bc1
{[%clk 0:01:16]} Rxb4 {[%clk 0:08:45]} 35. Bd2 {[%clk 0:01:27]} Qc4
{[%clk 0:08:43]} 36. Bxb4 {[%clk 0:01:16]} Qxb4 {[%clk 0:09:08]} 37. Rh1
{[%clk 0:01:26]} Qxa4 {[%clk 0:09:11]} 38. Bb1 {[%clk 0:01:55]} e5
{[%clk 0:09:23]} 39. Re1 {[%clk 0:02:11]} Be6 {[%clk 0:09:19]} 40. Nd2
{[%clk 0:01:51]} e4 {[%clk 0:09:20]} 41. g4 {[%clk 0:01:19]} Bc4 {[%clk 0:09:04]}
42. gxf5 {[%clk 0:00:56]} Be2+ {[%clk 0:09:23]} 43. Rxe2 {[%clk 0:01:22]} fxe2+
{[%clk 0:09:47]} 44. Kxe2 {[%clk 0:01:48]} Qb5+ {[%clk 0:08:54]} 45. c4
{[%clk 0:02:00]} Qxf5 {[%clk 0:09:16]} 46. Bxe4 {[%clk 0:02:27]} Qe5
{[%clk 0:09:31]} 47. Kd3 {[%clk 0:02:30]} c5 {[%clk 0:09:52]} 48. f3
{[%clk 0:00:47]} a5 {[%clk 0:09:59]} 49. Kc2 {[%clk 0:00:44]} a4 {[%clk 0:10:23]}
50. Nb1 {[%clk 0:00:39]} g4 {[%clk 0:10:47]} 51. Nc3 {[%clk 0:01:01]} g3
{[%clk 0:11:08]} 52. Ne2 {[%clk 0:30:51]} a3 {[%clk 0:42:02]} 53. Nxg3
{[%clk 0:30:37]} Qb2+ {[%clk 0:42:17]} 54. Kd3 {[%clk 0:30:53]} a2
{[%clk 0:42:42]} 55. Nh5+ {[%clk 0:30:55]} Kh6 {[%clk 0:43:02]} 56. Ng3
{[%clk 0:31:14]} a1=Q {[%clk 0:43:16]} 57. Nf5+ {[%clk 0:31:41]} Kg5
{[%clk 0:43:40]} 0-1

[Event "WCO2014"]
[Site "Tromso"]
[Date "2014.08.12"]
[Round "10.4"]
[WhiteID "13100173"]
[White "Rakotoniaina Antsiva"]
[BlackID "1007220"]
[Black "Croes Octavio"]
[Result "1-0"]
[LiveChessVersion "1.4.3"]
[BlackElo "1892"]
[WhiteElo "2014"]

1. e4 {[%clk 1:30:56]} c5 {[%clk 1:30:21]} 2. Nf3 {[%clk 1:31:09]} d6
{[%clk 1:30:47]} 3. d4 {[%clk 1:31:30]} cxd4 {[%clk 1:31:11]} 4. c3
{[%clk 1:31:53]} dxc3 {[%clk 1:29:45]} 5. Nxc3 {[%clk 1:32:21]} Nc6
{[%clk 1:29:59]} 6. Bc4 {[%clk 1:32:40]} Nf6 {[%clk 1:30:05]} 7. e5
{[%clk 1:32:50]} dxe5 {[%clk 1:26:36]} 8. Qxd8+ {[%clk 1:33:04]} Nxd8
{[%clk 1:26:51]} 9. Nb5 {[%clk 1:33:08]} Be6 {[%clk 1:18:34]} 10. Nc7+
{[%clk 1:31:58]} Kd7 {[%clk 1:18:49]} 11. Nxe6 {[%clk 1:32:01]} Nxe6
{[%clk 1:16:48]} 12. Nxe5+ {[%clk 1:32:16]} Kc8 {[%clk 1:16:03]} 13. Nxf7
{[%clk 1:32:27]} Nd4 {[%clk 1:16:13]} 14. O-O {[%clk 1:32:15]} b5
{[%clk 1:16:08]} 15. Bd3 {[%clk 1:31:52]} Rg8 {[%clk 1:15:48]} 16. Be3
{[%clk 1:32:00]} Nc6 {[%clk 1:14:03]} 17. Rac1 {[%clk 1:31:37]} Kb7
{[%clk 1:14:03]} 18. Bxb5 {[%clk 1:31:53]} Nd8 {[%clk 1:11:27]} 19. Nxd8+
{[%clk 1:29:49]} Rxd8 {[%clk 1:11:50]} 20. Bc6+ {[%clk 1:30:09]} Kb8
{[%clk 1:10:13]} 21. Bf4+ {[%clk 1:30:18]} e5 {[%clk 1:10:30]} 22. Bxe5+
{[%clk 1:30:18]} Bd6 {[%clk 1:10:57]} 23. f4 {[%clk 1:27:53]} Ne8
{[%clk 1:03:50]} 24. Rf3 {[%clk 1:25:25]} Nc7 {[%clk 1:01:51]} 25. Rb3+
{[%clk 1:20:45]} Kc8 {[%clk 1:02:15]} 26. Bd5 {[%clk 1:20:48]} Bxe5
{[%clk 1:02:18]} 27. Be6+ {[%clk 1:21:07]} Rd7 {[%clk 1:02:21]} 28. fxe5
{[%clk 1:21:18]} Rgd8 {[%clk 1:01:34]} 29. Rd3 {[%clk 1:19:15]} g6
{[%clk 1:01:18]} 30. b4 {[%clk 1:19:29]} Kb8 {[%clk 1:00:43]} 1-0

[Event "WCO2014"]
[Site "Tromso"]
[Date "2014.08.12"]
[Round "10.36"]
[WhiteID "21300020"]
[White "Klaas Tokelo"]
[BlackID "10800166"]
[Black "Magana Ben"]
[Result "0-1"]
[LiveChessVersion "1.4.3"]
[BlackElo "2085"]
[WhiteElo "1653"]

1. d4 {[%clk 1:30:41]} d5 {[%clk 1:30:38]} 2. c4 {[%clk 1:30:21]} e5
{[%clk 1:31:03]} 3. cxd5 {[%clk 1:28:34]} Qxd5 {[%clk 1:26:28]} 4. dxe5
{[%clk 1:24:08]} Qxd1+ {[%clk 1:26:10]} 5. Kxd1 {[%clk 1:24:13]} Nc6
{[%clk 1:26:39]} 6. Nf3 {[%clk 1:22:47]} Bf5 {[%clk 1:25:15]} 7. Bd2
{[%clk 1:21:01]} O-O-O {[%clk 1:21:59]} 8. Nc3 {[%clk 1:21:03]} Nge7
{[%clk 1:22:18]} 9. e4 {[%clk 1:20:12]} Bg4 {[%clk 1:22:46]} 10. Be2
{[%clk 1:18:19]} Ng6 {[%clk 1:21:07]} 11. Kc2 {[%clk 1:13:19]} Bxf3
{[%clk 1:18:04]} 12. gxf3 {[%clk 1:11:52]} Nd4+ {[%clk 1:17:36]} 13. Kc1
{[%clk 1:08:03]} Nxe5 {[%clk 1:17:35]} 14. f4 {[%clk 1:08:01]} Nxe2+
{[%clk 1:17:43]} 15. Nxe2 {[%clk 1:07:49]} Nd3+ {[%clk 1:18:07]} 16. Kc2
{[%clk 1:07:29]} Nxf2 {[%clk 1:18:30]} 17. Rhf1 {[%clk 1:05:42]} Nxe4
{[%clk 1:18:58]} 18. Be3 {[%clk 1:05:17]} Bc5 {[%clk 1:18:34]} 19. Bc1
{[%clk 0:57:12]} f5 {[%clk 1:15:53]} 20. a3 {[%clk 0:54:26]} Rhe8
{[%clk 1:15:19]} 21. b4 {[%clk 0:53:32]} Bb6 {[%clk 1:15:16]} 22. Ra2
{[%clk 0:51:30]} Nd2 {[%clk 1:12:59]} 23. Bxd2 {[%clk 0:49:19]} Rxe2
{[%clk 1:13:27]} 24. Kc1 {[%clk 0:48:07]} Rdxd2 {[%clk 1:13:41]} 25. Rxd2
{[%clk 0:47:42]} Be3 {[%clk 1:14:09]} 26. Rfd1 {[%clk 0:47:52]} Rxh2
{[%clk 1:14:30]} 27. Kc2 {[%clk 0:47:55]} Rxd2+ {[%clk 1:14:44]} 28. Rxd2
{[%clk 0:48:01]} Bxd2 {[%clk 1:15:12]} 29. Kxd2 {[%clk 0:48:21]} h6
{[%clk 1:15:28]} 30. Ke3 {[%clk 0:48:29]} g5 {[%clk 1:15:47]} 31. a4
{[%clk 0:48:06]} Kd7 {[%clk 1:16:05]} 32. fxg5 {[%clk 0:47:31]} hxg5
{[%clk 1:16:33]} 0-1

[Event "WCO2014"]
[Site "Tromso"]
[Date "2014.08.12"]
[Round "10.36"]
[WhiteID "16600010"]
[White "Hernandez Roberto"]
[BlackID "16000080"]
[Black "Kabera Godfrey"]
[Result "0-1"]
[LiveChessVersion "1.4.3"]
[BlackElo "1909"]
[WhiteElo "1845"]

1. f4 {[%clk 1:30:52]} d5 {[%clk 1:30:13]} 2. Nf3 {[%clk 1:31:15]} c5
{[%clk 1:30:16]} 3. e3 {[%clk 1:31:27]} Bg4 {[%clk 1:29:01]} 4. d4
{[%clk 1:31:04]} e6 {[%clk 1:29:08]} 5. Bb5+ {[%clk 1:30:08]} Nd7
{[%clk 1:29:35]} 6. O-O {[%clk 1:30:00]} Bxf3 {[%clk 1:29:47]} 7. Qxf3
{[%clk 1:29:40]} f5 {[%clk 1:28:15]} 8. c4 {[%clk 1:29:20]} Ngf6 {[%clk 1:28:02]}
9. Nc3 {[%clk 1:28:51]} a6 {[%clk 1:27:24]} 10. Bxd7+ {[%clk 1:28:00]} Qxd7
{[%clk 1:27:40]} 11. b3 {[%clk 1:24:37]} Be7 {[%clk 1:27:50]} 12. dxc5
{[%clk 1:24:27]} dxc4 {[%clk 1:24:34]} 13. Na4 {[%clk 1:23:14]} Rd8
{[%clk 1:21:12]} 14. Ba3 {[%clk 1:21:24]} Qc6 {[%clk 1:18:32]} 15. Qxc6+
{[%clk 1:18:40]} bxc6 {[%clk 1:19:00]} 16. bxc4 {[%clk 1:17:41]} Rd3
{[%clk 1:18:48]} 17. Bb2 {[%clk 1:15:24]} Rxe3 {[%clk 1:18:45]} 18. Be5
{[%clk 1:13:47]} Ra3 {[%clk 1:17:44]} 19. Rab1 {[%clk 1:12:22]} Kf7
{[%clk 1:09:36]} 20. Nc3 {[%clk 1:09:44]} Ng4 {[%clk 1:07:02]} 21. Bd4
{[%clk 1:08:33]} Rd8 {[%clk 1:07:16]} 22. Ne2 {[%clk 1:05:28]} Rxa2
{[%clk 1:06:35]} 23. Nc3 {[%clk 1:03:43]} Rc2 {[%clk 1:05:56]} 24. Nd5
{[%clk 1:02:52]} exd5 {[%clk 1:05:28]} 25. h3 {[%clk 1:02:44]} Rxc4
{[%clk 1:04:01]} 26. hxg4 {[%clk 1:03:01]} Rxd4 {[%clk 1:04:23]} 27. Rb7
{[%clk 1:02:54]} fxg4 {[%clk 1:04:20]} 28. Re1 {[%clk 1:03:15]} Re4
{[%clk 1:04:27]} 29. Ra1 {[%clk 1:02:27]} g3 {[%clk 1:04:45]} 30. Kf1
{[%clk 1:02:40]} Re8 {[%clk 1:03:56]} 31. Rxa6 {[%clk 1:02:25]} Kg6
{[%clk 1:03:18]} 32. Rxc6+ {[%clk 1:02:40]} Bf6 {[%clk 1:03:39]} 33. Rb1
{[%clk 1:02:02]} Rxf4+ {[%clk 1:03:39]} 34. Kg1 {[%clk 1:02:20]} Kg5
{[%clk 1:03:42]} 35. Rxf6 {[%clk 1:00:58]} gxf6 {[%clk 1:04:06]} 36. c6
{[%clk 1:01:28]} Rfe4 {[%clk 1:04:10]} 37. Kf1 {[%clk 1:01:50]} Rc4
{[%clk 1:03:21]} 38. Rd1 {[%clk 1:02:05]} d4 {[%clk 1:02:17]} 39. c7
{[%clk 1:01:07]} d3 {[%clk 1:02:28]} 40. c8=Q Rcxc8 {[%clk 1:02:32]} 41. Ra1
{[%clk 0:58:09]} d2 {[%clk 1:02:49]} 0-1